El socialismo y los anarquistas / (Record no. 152461)
[ view plain ]
| 000 -LEADER | |
|---|---|
| campo de control de longitud fija | 00628nam a2200193 i 4500 |
| 001 - NÚMERO DE CONTROL | |
| campo de control | 152461 |
| 003 - IDENTIFICADOR DE NÚMERO DE CONTROL | |
| campo de control | ES-MaACL |
| 005 - FECHA Y HORA DE LA ÚLTIMA TRANSACCIÓN | |
| campo de control | 20250727062613.0 |
| 008 - DATOS DE LONGITUD FIJA--INFORMACIÓN GENERAL | |
| campo de control de longitud fija | 931025s1895 sp |||| | spa d |
| 040 ## - FUENTE DE CATALOGACIÓN | |
| Centro catalogador/agencia de origen | PAB |
| Lengua de catalogación | spa |
| Centro/agencia transcriptor | CCPB |
| 100 1# - ENTRADA PRINCIPAL--NOMBRE DE PERSONA | |
| Nombre de persona | Botella, Cristóbal, |
| Fechas asociadas al nombre | 1867-1921 |
| 9 (RLIN) | 30745 |
| 245 13 - MENCIÓN DEL TÍTULO | |
| Título | El socialismo y los anarquistas / |
| Mención de responsabilidad, etc. | por Cristóbal Botella. |
| 260 ## - PUBLICACIÓN, DISTRIBUCIÓN, ETC. | |
| Lugar de publicación, distribución, etc. | Madrid : |
| Nombre del editor, distribuidor, etc. | [s.n.], |
| Fecha de publicación, distribución, etc. | 1895 ( |
| Fabricante | Imp. de Enrique Teodoro) |
| 300 ## - DESCRIPCIÓN FÍSICA | |
| Extensión | XV, 373 p., 1 h. ; |
| Dimensiones | 16 cm. |
| 650 #7 - PUNTO DE ACCESO ADICIONAL DE MATERIA--TÉRMINO DE MATERIA | |
| Término de materia o nombre geográfico como elemento de entrada | Anarquismo |
| Fuente del encabezamiento o término | embne |
| 9 (RLIN) | 9783 |
| 650 07 - PUNTO DE ACCESO ADICIONAL DE MATERIA--TÉRMINO DE MATERIA | |
| Término de materia o nombre geográfico como elemento de entrada | Socialismo |
| Fuente del encabezamiento o término | embne |
| 9 (RLIN) | 17147 |
| 852 ## - LOCALIZACIÓN | |
| Ubicación | ES-MaACL |
| Número de control de estantería | F-13433 |
| Nota libre | -- Enc. hol. |
| Estatus retirado | Estado de pérdida | Estado de daño | No para préstamo | Colección | Biblioteca de origen | Biblioteca actual | Ubicación en estantería | Fecha de adquisición | Fuente de adquisición | Total de préstamos | Signatura topográfica completa | Código de barras | Visto por última vez | Precio de reemplazo | Tipo de ítem Koha |
|---|---|---|---|---|---|---|---|---|---|---|---|---|---|---|---|
| Libros del s. XIX | Biblioteca del Ateneo de Madrid | Biblioteca del Ateneo de Madrid | Sala Pecera Planta 2 | 17/01/2008 | F-13433 | 1159200 | 23/02/2023 | 23/02/2023 | Libro impreso antiguo |
